Los obispos de Chile
Saved in:
| Hovedforfatter: | |
|---|---|
| Format: | Bog |
| Sprog: | spansk |
| Udgivet: |
Santiago
Andrés Bello
1996
|
| Fag: | |
| Tags: |
Tilføj Tag
Ingen Tags, Vær først til at tagge denne postø!
|
MARC
| LEADER | 00000nam a2200000 a 4500 | ||
|---|---|---|---|
| 001 | UCP0168 | ||
| 003 | CL-VaPUC | ||
| 008 | 990305e19960000CL |||||||||||||||||spa|d | ||
| 082 | 0 | 4 | |a 262.12 |b OVI |2 21 |
| 100 | |a Oviedo Cavada, Carlos |e autor |9 312665 | ||
| 245 | 1 | 4 | |a Los obispos de Chile |
| 300 | |a 282 p | ||
| 942 | |c BK | ||
| 945 | |d 19990305 00:00:00 |a aarredon | ||
| 260 | |a Santiago |b Andrés Bello |c 1996 | ||
| 650 | 7 | |a DIOCESIS |2 CL-VaPUC |9 399338 | |
| 650 | 0 | |a Clero |9 257091 | |
| 650 | 0 | |a Vida religiosa |9 257284 | |
| 650 | 7 | |a OBISPOS |2 CL-VaPUC |9 425134 | |
| 650 | 0 | |a Biografías |9 255210 | |
| 651 | 7 | |a CHILE |2 CL-VaPUC |9 425135 | |
| 583 | |a last modification |c 19990305 00:00:00 |k Rodrigo Vera | ||
| 999 | |c 279010 |d 279008 | ||
| 952 | |0 0 |1 0 |4 0 |6 262_120000000000000_OVI_1996 |7 0 |8 F |9 317872 |a BIBTEO |b BIBTEO |d 2019-11-20 |i 2025663 |l 2 |o 262.12 OVI 1996 |p 2025663 |r 2025-01-17 |s 2023-10-18 |w 2019-11-20 |y BK_F |k ICR | ||
| 952 | |0 0 |1 0 |4 0 |6 262_120000000000000_OVI_1996 |7 0 |8 DER_HDC |9 317873 |a BIBDER |b BIBDER |d 2019-11-20 |i 3897184 |l 4 |m 1 |o 262.12 OVI 1996 |p 3897184 |r 2023-01-25 |s 2021-11-05 |w 2019-11-20 |x Ubicación 4to Piso |y BK |z Estos recursos deben solicitarse con anticipación |k DER | ||